Μελέτη ασφάλειας του πλαισίου εργασίας Ruby on Rails για την ανάπτυξη διαδικτυακών εφαρμογών : πτυχιακή εργασία
Μελέτη ασφάλειας του πλαισίου εργασίας ruby on rails. Το πλαίσιο εργασίας ruby on rails έχει σχεδιαστεί για την γρήγορη και παραγωγική ανάπτυξη διαδικτυακών εφαρμογών.
Αποθηκεύτηκε σε:
| Κύριος συγγραφέας: | |
|---|---|
| Συγγραφή απο Οργανισμό/Αρχή: | |
| Μορφή: | Thesis Βιβλίο |
| Γλώσσα: | Greek |
| Δημοσίευση: |
2010.
|
| Θέματα: | |
| Διαθέσιμο Online: | http://hdl.handle.net/11610/8648 |
| Ετικέτες: |
Προσθήκη ετικέτας
Δεν υπάρχουν, Καταχωρήστε ετικέτα πρώτοι!
|
MARC
| LEADER | 00000cam a2200000 i 4500 | ||
|---|---|---|---|
| 001 | 1/10212 | ||
| 008 | 100914s2010 gr | ||| |||| ||gre|| | ||
| 035 | |l 10108929 | ||
| 040 | |a GR-MyUA |b gre |e AACR2 | ||
| 041 | 0 | |a gre | |
| 082 | 0 | |a 005.8 |2 (22) | |
| 100 | 1 | |a Αποστολάς, Γεώργιος. | |
| 245 | 1 | 0 | |a Μελέτη ασφάλειας του πλαισίου εργασίας Ruby on Rails για την ανάπτυξη διαδικτυακών εφαρμογών : |b πτυχιακή εργασία / |c Γεώργιος Αποστολάς ; επιβλέπων καθηγητής Π. Ριζομυλιώτης. |
| 260 | |c 2010. | ||
| 300 | |a 192 σ. : |b εικ. ; |c 30 εκ. | ||
| 500 | |a Μέλη της εξεταστικής επιτροπής: Π. Ριζομυλιώτης, Σ. Κοκολάκης, Γ. Λεκάκος. | ||
| 502 | |a Πτυχιακή εργασία – Πανεπιστήμιο Αιγαίου, Σάμος, 2010. | ||
| 504 | |a Βιβλιογραφία: σ. 166-168. | ||
| 506 | 1 | |a Διάθεση πλήρους κειμένου ; |d Ενδοπανεπιστημιακή δημοσίευση. | |
| 520 | |a Μελέτη ασφάλειας του πλαισίου εργασίας ruby on rails. Το πλαίσιο εργασίας ruby on rails έχει σχεδιαστεί για την γρήγορη και παραγωγική ανάπτυξη διαδικτυακών εφαρμογών. | ||
| 540 | |a Κλειδωμένη η δυνατότητα αντιγραφής (copy) του κειμένου. | ||
| 610 | 2 | 0 | |a University of the Aegean |x Dissertations. |
| 630 | 0 | 0 | |a Ruby on rails (Electronic resource) |
| 650 | 0 | 0 | |a Computer security. |
| 700 | 1 | |a Ριζομυλιώτης, Παναγιώτης, |e dgs | |
| 710 | 2 | |a Πανεπιστήμιο Αιγαίου. |b Σχολή Θετικών Επιστημών. |b Τμήμα Μηχανικών Πληροφοριακών και Επικοινωνιακών Συστημάτων. | |
| 852 | |a INST |b SAMOS |c DIATR |e 20100914 |h 005.8 ΑΠΟ |p 005300031573 |q 005300031573 |t DIE |y 23 | ||
| 852 | |a INST |b SAMOS |c DIATR |e 20100914 |h 005.8 ΑΠΟ |p 005300031574 |q 005300031574 |t DIE |y 23 | ||
| 856 | |u http://hdl.handle.net/11610/8648 | ||
| 901 | |a BIBL3-2010-3 | ||
| 909 | |a Σ |b 162612 | ||
| 909 | |a Σ |b 162613 | ||
| 924 | |a ΑΠΟΣΤΟΛΑΣ |b ΓΕΩΡΓΙΟΣ |y Σάμος |z 2010-06 | ||
| 970 | |a ΚΟΣΙΕΡΗΣ |b ΧΡΗΣΤΟΣ |z 2010/09/14 | ||